000 00442nam a2200181Ia 4500
001 17671
005 20260306171534.0
008 260306s9999||||xx |||||||||||||| ||und||
041 _aESP
082 _a658.15
_bB83F
100 _aBrigham, Eugene F.
_eAUT
245 0 _aFinanzas corporativas:
_benfoque central
260 _c2018
300 _axvi, 847 páginas :
_c27 cm.
650 _aGEN
654 _aCAN
942 _cLIB
_dJUS
_fJUS
_2ddc
_n
999 _c17671
_d17671